| 000 | 01033nam a22003137a 4500 | ||
|---|---|---|---|
| 001 | 7695 | ||
| 003 | FISKH | ||
| 005 | 20250731113608.0 | ||
| 008 | 250731b cb ||||| |||| 00| 0 eng d | ||
| 020 | _a9780516422787 | ||
| 040 |
_aFISKH _beng _cFISKH _dFISKH |
||
| 050 | _aND237.C3 V46 | ||
| 082 | _a759.13 | ||
| 100 | _aVenezia, Mike | ||
| 245 |
_aMary Cassatt / _cWritten and illustrated by Mike Venezia |
||
| 260 |
_aChicago : _bChildren Press , _c1993. |
||
| 300 |
_a32 pages : _bcolor illustrations ; _c24 cm. |
||
| 490 | _aGetting to Know the World's Greatest Artists | ||
| 505 | _aO | ||
| 520 | _aBriefly examines the life and work of the American Impressionist painter, describing and giving examples of her art. | ||
| 521 | 8 |
_a600
_bLexile estimate |
|
| 521 | 8 |
_aO
_bRaz-Plus |
|
| 650 |
_aCassatt, Mary, 1844-1926 _vJuvenile Literature |
||
| 650 | _aPainting, Ameriacan | ||
| 650 | _aPainting, Modern- United States | ||
| 650 | _aArt appreciation | ||
| 942 |
_2ddc _cBK _n0 |
||
| 999 |
_c7695 _d7695 |
||